Ignacio Zuloaga (Record no. 1405)

MARC details
000 -CABECERA
campo de control de longitud fija 00896nam a2200241 a 4500
001 - NÚMERO DE CONTROL
campo de control BRCA_1571
005 - FECHA Y HORA DE LA ÚLTIMA TRANSACCIÓN
campo de control 20190320203456.0
008 - DATOS DE LONGITUD FIJA--INFORMACIÓN GENERAL
campo de control de longitud fija 010528s1991 sp-a---##b---#000-0bspa-#
020 ## - NÚMERO INTERNACIONAL ESTÁNDAR DEL LIBRO
Número Internacional Estándar del Libro 8450598052
040 ## - FUENTE DE LA CATALOGACIÓN
Centro catalogador/agencia de origen CU-SB
Centro/agencia transcriptor CU-SB
050 #4 - SIGNATURA TOPOGRÁFICA DE LA BIBLIOTECA DEL CONGRESO
Número de clasificación ND1312
Número de documento/Ítem .I36 1991
245 10 - MENCIÓN DE TÍTULO
Título Ignacio Zuloaga
Resto del título 1870-1945.
260 ## - PUBLICACIÓN, DISTRIBUCIÓN, ETC.
Lugar de publicación, distribución, etc. [Dallas]
Nombre del editor, distribuidor, etc. Gobierno Vasco, Meadows Museum
Fecha de publicación, distribución, etc. [1991]
300 ## - DESCRIPCIÓN FÍSICA
Extensión 308 p.
Otras características físicas il. (algunas a color)
Dimensiones 29 cm.
500 ## - NOTA GENERAL
Nota general Catálogo de la exposición realizada en el Museo de Bellas Artes de Bilbao (España), 1990
500 ## - NOTA GENERAL
Nota general Incluye cronología y catálogo de obra
504 ## - NOTA DE BIBLIOGRAFÍA, ETC.
Nota de bibliografía, etc. Bibliografía : p. 281-308
546 ## - NOTA DE LENGUA/LENGUAJE
Nota de lengua/lenguaje Texto en : vasco e inglés
600 14 - PUNTO DE ACCESO ADICIONAL DE MATERIA--NOMBRE DE PERSONA
Nombre de persona Zuloaga, Ignacio
Fechas asociadas al nombre 1870-1945
Subdivisión de forma Exposiciones
9 (RLIN) 5021
650 14 - PUNTO DE ACCESO ADICIONAL DE MATERIA--TÉRMINO DE MATERIA
Término de materia o nombre geográfico como elemento de entrada Pintores de retratos
Subdivisión de forma Catálogos
Subdivisión cronológica Siglos XIX y XX
Subdivisión geográfica España
9 (RLIN) 5022
650 14 - PUNTO DE ACCESO ADICIONAL DE MATERIA--TÉRMINO DE MATERIA
Término de materia o nombre geográfico como elemento de entrada Pintura de retratos
Subdivisión cronológica Siglos XIX y XX
Subdivisión geográfica España
9 (RLIN) 5023
942 ## - ELEMENTOS DE PUNTO DE ACCESO ADICIONAL (KOHA)
Fuente del sistema de clasificación o colocación Library of Congress Classification
Tipo de ítem Koha Libros
Holdings
Estado de retiro Estado de pérdida Estado dañado No para préstamo Localización permanente Ubicación/localización actual Fecha de adquisición Total de préstamos Signatura topográfica completa Código de barras Fecha visto por última vez Precio válido a partir de Tipo de ítem Koha
El ejemplar forma parte de la colección y puede ser consultado según las políticas vigentes.       Biblioteca del Museo Franz Mayer (Rogerio Casas-Alatriste) Biblioteca del Museo Franz Mayer (Rogerio Casas-Alatriste) 26/06/2008   ND1312 .I36 1991 02127 22/03/2019 22/03/2019 Libros